Locutionum cotidianarum glossarium (Record no. 106824)

MARC details
000 -LEADER
campo de control de longitud fija 00730nam a2200217 i 4500
001 - NÚMERO DE CONTROL
campo de control 106824
003 - IDENTIFICADOR DE NÚMERO DE CONTROL
campo de control ES-MaACL
005 - FECHA Y HORA DE LA ÚLTIMA TRANSACCIÓN
campo de control 20230906184259.0
007 - CAMPO FIJO DE DESCRIPCIÓN FÍSICA--INFORMACIÓN GENERAL
campo de control de longitud fija t|
008 - DATOS DE LONGITUD FIJA--INFORMACIÓN GENERAL
campo de control de longitud fija 070103s1967 xxu ||||1| eng d
080 ## - NÚMERO DE LA CLASIFICACIÓN DECIMAL UNIVERSAL
Número de la Clasificación Decimal Universal (038)=124=20
100 1# - ENTRADA PRINCIPAL--NOMBRE DE PERSONA
Nombre de persona Beach, Goodwin B.
9 (RLIN) 26768
245 10 - MENCIÓN DEL TÍTULO
Título Locutionum cotidianarum glossarium
Resto del título : a guide to latin conversation /
Mención de responsabilidad, etc. by Goodwin B. Beach and Ford Lewis Battles.
250 ## - MENCION DE EDICION
Mención de edición 3th. ed.
260 ## - PUBLICACIÓN, DISTRIBUCIÓN, ETC.
Lugar de publicación, distribución, etc. Hartford :
Nombre del editor, distribuidor, etc. Hartford Seminary Press,
Fecha de publicación, distribución, etc. 1967.
300 ## - DESCRIPCIÓN FÍSICA
Extensión XIII, 304 p. ;
Dimensiones 21 cm.
500 ## - NOTA GENERAL
Nota general Biblioteca Jacinto Martínez Lacalle.
650 14 - PUNTO DE ACCESO ADICIONAL DE MATERIA--TÉRMINO DE MATERIA
Término de materia o nombre geográfico como elemento de entrada Lengua latina-
Subdivisión de forma Diccionarios-
Subdivisión general Inglés.
9 (RLIN) 14297
700 1# - ENTRADA AGREGADA--NOMBRE PERSONAL
Nombre de persona Battles, Ford Lewis.
9 (RLIN) 26489
852 ## - LOCALIZACIÓN
Ubicación ES-MaACL
Número de control de estantería E-11453
Sublocalización o colección R.139549
Holdings
Estatus retirado Estado de pérdida Estado de daño No para préstamo Biblioteca de origen Biblioteca actual Ubicación en estantería Fecha de adquisición Fuente de adquisición Total de préstamos Signatura topográfica completa Código de barras Visto por última vez Precio de reemplazo Tipo de ítem Koha
        Biblioteca del Ateneo de Madrid Biblioteca del Ateneo de Madrid Depósito 2 17/01/2008     E-11453 1111505 23/02/2023 23/02/2023 Libro impreso